00824nam a22001697a 4500003000900000008004100009040007100050082001700121100001700138245010900155260004600264300004300310505025000353650001400603650001300617650002400630AR-CdUCM190226b ||||| |||| 00| 0 spa d aMUNICIPALIDAD PROVINCIAL DEL CUSCOcBIBLIOTECA MUNICIPAL DEL CUSCO a370.3 /bH79 aHoxha, Enver aSobre la mayor Revolucionarización del partido y de toda la vida del País :bDiscursos (1969-1970) / aTirana - Albania :bNaim Frasheri,c1971. a356 páginas ;bfotografía,c16 cm. aContenido: Método y estilo de trabajo leninista revolucionaria -- Carácter ideológico de las murmuraciones -- Los derechos y la libertad de las mujeres y de los jóvenes -- 25 años de lucha y de victorias en el camino del socialismo ... aLeninismo aSiglo XX aNacimiento de Lenin